Aerolíneas del Aeropuerto Int. Benito Juárez de la Ciudad de México - Estadísticas

Estadísticas generales
  • Esta prueba ha sido intentada 31 veces
  • La puntuación promedio es 21 de 29
Estadísticas de respuestas
Destino Principal Aerolínea % Correcto
Madrid Iberia
93%
Cancún Aeroméxico
89%
Cancún Aeroméxico Connect
89%
Tokio All Nippon Airways (ANA)
89%
París Air France
85%
Miami American Airlines
85%
Londres British Airways
85%
Ámsterdam KLM
85%
Cancún Viva Aerobús
85%
Frankfurt Lufthansa
81%
Bogotá Avianca
78%
San José Avianca Costa Rica (LACSA)
78%
San Salvador Avianca El Salvador (TACA)
78%
Atlanta Delta Air Lines
78%
Dubái - (vía Barcelona) Emirates
78%
São Paulo LATAM Brasil
78%
Santiago de Chile LATAM Chile
78%
Lima LATAM Perú
78%
Estambul Turkish Airlines
78%
Cancún Volaris
78%
San José Volaris Costa Rica
78%
San Salvador Volaris El Salvador
78%
Toronto Air Canada
74%
Houston United Airlines
74%
Ciudad de Panamá Copa Airlines
70%
Shenzhen China Southern Airlines
44%
Calgary WestJet
37%
Pekín Hainan Airlines
30%
Cancún Magnicharters
15%
No se encontraron pruebas coincidentes
Distribución de puntuación
Porcentaje de gente con cada puntuación
Porcentaje por número respondido
Historial de tus puntuaciones
No has intentado esta prueba.